000 00506nmm a22001817a 4500
005 20131203160146.0
008 131203b2009 ck ||||| |||| 00| 0 spa d
041 _aspa
044 _ack
090 _aLB
_b05831
110 _aCorporación Autónoma Regional de Cundinamarca
_93054
245 _aProyectos ambientales escolares
250 _aFarid Daza
260 _as.l.
_bCAR
_bASOAN
_c2009
300 _a28 min.,
_c13 cm
700 _aEditores Farid daza, Mauricio Rodríguez
_93205
942 _2z
_cCD-ROM
999 _c7993
_d7993